Hybrid feature based method for early detection and classification of mammographic density in breast cancer diagnosis (Record no. 40151)

000 -LEADER
fixed length control field 00707nam a22001817a 4500
001 - CONTROL NUMBER
control field 40151
003 - CONTROL NUMBER IDENTIFIER
control field BD-DhUET
008 - FIXED-LENGTH DATA ELEMENTS--GENERAL INFORMATION
fixed length control field 170718b xxu||||| |||| 00| 0 eng d
040 ## - CATALOGING SOURCE
Transcribing agency 0
Modifying agency BD-DhUET
082 ## - DEWEY DECIMAL CLASSIFICATION NUMBER
Classification number 616.0754/NAJ/2011
Item number /NAJ/2011
100 ## - MAIN ENTRY--PERSONAL NAME
Personal name Najmus Saltanat
245 ## - TITLE STATEMENT
Title Hybrid feature based method for early detection and classification of mammographic density in breast cancer diagnosis
260 ## - PUBLICATION, DISTRIBUTION, ETC. (IMPRINT)
Place of publication, distribution, etc. Dhaka
Name of publisher, distributor, etc. Electrical and Electronic Engineering, BUET
650 #0 - SUBJECT ADDED ENTRY--TOPICAL TERM
Topical term or geographic name as entry element Diagnostic imaging-Digital techniques-Breast cancer
720 ## - ADDED ENTRY--UNCONTROLLED NAME
Thesis Supervisor Dr. Md. Aynal Haque
Relator term M.Sc. Thesis – Electrical and Electronic Engineering
856 ## - ELECTRONIC LOCATION AND ACCESS
Uniform Resource Identifier http://lib.buet.ac.bd:8080/xmlui/handle/123456789/3632
942 ## - ADDED ENTRY ELEMENTS (KOHA)
Koha item type Thesis
Holdings
Location (home branch) Koha full call number Date acquired Lost status Koha normalized classification for sorting Price effective from Piece designation (barcode) Koha date last seen Damaged status Shelving location Source of classification or shelving scheme Withdrawn status Sublocation or collection (holding branch) Not for loan Koha item type
Central Library, BUET616.0754/NAJ/2011 /NAJ/20112017-07-18 616_075400000000000_NAJ_2011_NAJ_20112017-07-181114172017-07-18 Reference section  Central Library, BUET Thesis